00549nmm a2200145Ia 4500008004100000020001800041041000800059100002700067245012500094264005800219300001800277490003500295650002200330856005100352251105s9999||||xx |||||||||||||||||und|| a9788491920236 aspa aRodríguez, Jimena N. 0aEscribir desde el océano :b La navegación de Hernando de Alarcón y otras retóricas del andar por el Nuevo Mundo a[Madrid, España] :bIberoamericana Vervuert, c2018 a187 páginas aEl Paraíso en el Nuevo Mundo aHistory (General) uhttps://public.digitaliapublishing.com/a/61886